| 000 | 01344nam a2200241Ia 4500 | ||
|---|---|---|---|
| 003 | OSt | ||
| 005 | 20210505131028.0 | ||
| 008 | 210310s1935 cl gr 000 0 spa d | ||
| 040 |
_aCO-JMCR _cCO-JMCR |
||
| 041 | 1 |
_aspa _heng |
|
| 082 | 0 | 4 |
_a330.91 / _bN782i _223 |
| 100 | 1 |
_aNitti, Francisco, _eautor _926101 |
|
| 245 | 1 | 3 |
_aLa inquietud mundial : _bla crisis la guerra y el estado / _cFrancisco Nitti ; traducción y notas Carlos Manuel Coz |
| 260 |
_aSantiago de Chile : _bArcilla, _c1935 |
||
| 300 |
_a195 páginas ; _c22 cm. |
||
| 500 | _aNotas a pie de página. | ||
| 505 | 0 | _aViaje de Robinsón Crusoe a Europa en 1933. -- La depresión económica mundial y los absurdo marxismos sobre el supuesto fin de la era capitalista. -- Características y magnitud de la depresión económica.-- El crecimiento vertiginoso de los gastos públicos, causa fundamental del caos económico. -- Raquitismo moral del siglo XX. Actividad del socialismo y de los partidos reformistas. -- La gran responsabilidad de los Estados Unidos frente a la depresión económica mundial. -- De la farsa de la tecnocracia al drama de las autaquías económicas. | |
| 650 | 1 | 4 |
_aEconomía mundial. _937247 |
| 650 | 2 | 4 |
_aGastos públicos. _937427 |
| 650 | 2 | 4 |
_aDepresión económica. _937428 |
| 700 | 1 |
_aCoz, Carlos Manuel, _etraductor _937429 |
|
| 942 |
_2ddc _cBK |
||
| 999 |
_c11656 _d11656 |
||